Cam women have children and a career? IV evidence from IVF treatments (Record no. 114955)

000 -LEADER
fixed length control field 00477pab a2200181 454500
008 - FIXED-LENGTH DATA ELEMENTS--GENERAL INFORMATION
fixed length control field 180718b2017 xxu||||| |||| 00| 0 eng d
100 ## - MAIN ENTRY--PERSONAL NAME
Personal name Lundborg, Petter
245 ## - TITLE STATEMENT
Title Cam women have children and a career? IV evidence from IVF treatments
260 ## - PUBLICATION, DISTRIBUTION, ETC.
Date of publication, distribution, etc. 2017
300 ## - PHYSICAL DESCRIPTION
Extent p.1611-1637.
362 ## - DATES OF PUBLICATION AND/OR SEQUENTIAL DESIGNATION
Dates of publication and/or sequential designation Jun
650 ## - SUBJECT ADDED ENTRY--TOPICAL TERM
Topical term or geographic name entry element Fertility
650 ## - SUBJECT ADDED ENTRY--TOPICAL TERM
Topical term or geographic name entry element Women
700 ## - ADDED ENTRY--PERSONAL NAME
Personal name Rasmussen, Astrid Wurtz
700 ## - ADDED ENTRY--PERSONAL NAME
Personal name Plug, Erik
773 ## - HOST ITEM ENTRY
Main entry heading American Economic Review
909 ## -
-- 114961
Holdings
Withdrawn status Lost status Damaged status Not for loan Permanent Location Current Location Date acquired Serial Enumeration / chronology Barcode Date last seen Price effective from Koha item type
        Indian Institute of Public Administration Indian Institute of Public Administration 2018-07-19 Volume no: 107, Issue no: 6 AR115421 2018-07-19 2018-07-19 Articles

Powered by Koha